TV 'Of' Shows Quiz Stats

 Plays Quiz not verified by Sporcle

Also try: Not a Sitcom
Challenge
Share
Tweet
Score 0/27 Timer 03:00
0 Plays Today
% Correct
Bel-Air
98.1%
The Dukes
95%
Thrones
94.8%
Wheel
93.7%
Anarchy
93.2%
Cards
92.1%
Beverly Hills
92%
Jeannie
91.3%
S.H.I.E.L.D.
89.3%
King
88.7%
Queens
86.7%
the Night
85.9%
The Facts
85.7%
The Suite Life
85.5%
% Correct
Band
85%
Person
84.8%
The New Adventures
84.6%
The Streets
82.6%
Sports
81.4%
Five
81.3%
The Many Loves
76.1%
Ozzie and Harriet
75.6%
Line
73.5%
Masters
70.2%
The Edge
63.2%
Your Show
61.5%
Laura
58.2%

You're not logged in!

Compare scores with friends on all Sporcle quizzes.
OR
Log In

You Might Also Like...

Show Comments

Extras

Top Quizzes Today


Score Distribution

Your Account Isn't Verified!

In order to create a playlist on Sporcle, you need to verify the email address you used during registration. Go to your Sporcle Settings to finish the process.

Report this User

Report this user for behavior that violates our Community Guidelines.

Details: